| 000 | 00636 a2200157 4500 | ||
|---|---|---|---|
| 003 | NUST | ||
| 005 | 20221209144221.0 | ||
| 040 | _cNust | ||
| 082 | _a297.55,BAZ | ||
| 100 |
_aBaz, Shaykh Abdul Aziz Bin Abdullah Bin _9104566 |
||
| 245 |
_aFatawa Islamiyah Islamic Verdicts (Vol-1) / _cShaykh Abdul Aziz Bin Abdullah Bin Baz |
||
| 260 |
_aLondon _bDarussalam _c2001 |
||
| 300 | _a396 p.: | ||
| 505 | _aThe Book of Creed (Page-1), Our Prophet Muhammad (P.B.U.H) (Page-271), Isa peace upon him (Page-302), Sects and Movements (Page-325), The Book of Knowledge (Page-367), The Sunam of Al Fitrah (Page-379). | ||
| 942 |
_2ddc _cBK _k297.55,BAZ |
||
| 999 |
_c197078 _d197078 |
||